Clubs de La Liga (2023-2024) - Statistiques

Statistiques générales
  • Ce quiz a été pris 356 fois
    319 depuis la dernière actualisation
  • Le résultat moyen est 13 sur 20
Statistiques - réponses
% Correct
La Liga Real Madrid
99%
La Liga FC Barcelone
97%
La Liga Atletico Madrid
93%
La Liga FC Séville
88%
La Liga Atheltic Bilbao
83%
La Liga Real Sociedad
78%
La Liga Real Betis
76%
La Liga Girone
73%
La Liga Valence
72%
La Liga Villareal
71%
La Liga Getafe
55%
La Liga Las Palmas
52%
La Liga Majorque
47%
La Liga Celta Vigo
43%
La Liga Grenade
43%
La Liga Cadix
41%
La Liga Deportivo Alavés
41%
La Liga Osasuna
40%
La Liga UD Almeria
39%
La Liga Rayo Vallecano
36%
Aucun quiz correspondant
Distribution des résultats
% des personnes avec chaque résultat
Percentile par nombre de réponses
Votre historique - résultats
Vous n’avez pas pris ce quiz depuis la dernière actualisation